| 000 | 00394pab a2200157 454500 | ||
|---|---|---|---|
| 008 | 180718b2017 xxu||||| |||| 00| 0 eng d | ||
| 100 | _aSrinivasan, Krishnan | ||
| 245 | _aReflections on Indian foreign policy | ||
| 260 | _c2017 | ||
| 300 | _ap.41-45. | ||
| 362 | _aAug | ||
| 650 | _aIndia - Foreign relations | ||
| 650 | _aInternational relations | ||
| 773 | _aSeminar | ||
| 909 | _a115384 | ||
| 999 |
_c115378 _d115378 |
||